000 00354nam a2200145Ia 4500
008 230711s9999||||xx |||||||||||||| ||und||
041 _aENG
082 _a720
_bRA-M
100 _aRaulet,Sylvie
245 0 _aMaharaja's Palaces
250 _a1st . . Ed.
260 _c1996
_aLondon
_bPhilip Wilson Publishers LtdĀ 
650 _aArchitecture
942 _cBK
999 _c3935
_d3935